| 000 | 00563nam a22001817a 4500 | ||
|---|---|---|---|
| 005 | 20251108164841.0 | ||
| 008 | 250721s1985 xx 000 0 ara d | ||
| 082 | 1 | 4 | _a616.8/عبد |
| 100 | 1 | _aعثمان، عبد اللطيف موسى | |
| 245 | 1 | 0 | _aالصداع و الصداع النصفي / |
| 264 | 1 |
_aالقاهرة : _bالزهراء للإعلام العربي، _c1985. |
|
| 300 | _a107ص | ||
| 650 | 1 | 7 | _aالصداع |
| 650 | 1 | 7 | _aالجهاز العصبي |
| 650 | 1 | 7 | _aأمراض الجهاز العصبي |
| 942 |
_2ddc _cBK |
||
| 999 |
_c15855 _d15855 |
||